| 000 | 00905njm a2200289Ia 4500 | ||
|---|---|---|---|
| 001 | 27439 | ||
| 003 | IT-RoPAU | ||
| 005 | 20220918181135.0 | ||
| 008 | 131025s9999 xx 000 0 und d | ||
| 040 | _aIT-RoPAU | ||
| 040 | _cIT-RoPAU | ||
| 999 |
_c100879 _d100879 |
||
| 999 | _bn.d. | ||
| 100 |
_aProni Walter _918054 |
||
| 100 |
_eAutore musica _918055 |
||
| 100 |
_gCodice autore musica SPICS: 13187 _918056 |
||
| 245 | _aProni Plays Proni vol. 1 | ||
| 250 | _a1a ed. | ||
| 260 | _aALBANO | ||
| 260 | _bEP - MUSICALI E DISCOGRAFICHE | ||
| 300 | _aDISCO | ||
| 300 | _c42 minuti (Testo: pag.) | ||
| 500 | _aMusica strumentale, pianoforte | ||
| 505 | _aSuite infantile n. 1 - Chiaro di luna - Schneefall Im Wienerwald - Il Maestrale - Der Fluss | ||
| 650 |
_aSTRUMENTALE [DISCHI] _eCodice MATERIA SPICS: 9950 _9828 |
||
| 700 |
_aProni Walter _gCodice interprete SPICS: 13187 _eInterprete _918057 |
||
| 942 |
_cMD _2ddc |
||